000 00642nam a2200241Ia 4500
003 OSt
005 20220925224805.0
006 a|||||r|||| 00| 0
007 ta
008 220923b |||||||| |||| 00| 0 eng d
020 _a0 7100 6916 2
037 _cGeneral Book
040 _aRTL
_cRTL
_beng
041 _2eng
_aeng
082 _aT.1.H, L1
100 _aClarke M L
_948108
245 0 _aHigher education in the ancient world
260 _aLondon
_bRoutledge and Kegan Paul U K
_c1971
300 _aix,188p.
_ccm.
650 _aEducation
942 _hT.1.H, L1
_cGB
_2CC
999 _c582166
_d582166